000 00402nam a2200169Ia 4500
008 230524s9999 xx 000 0 und d
020 _a8121924626
082 _a658.45
_bTEL
100 _aMartand T.Telsang
245 0 _aProduction Management
250 _a2ND
260 _aNEW DELHI
_bS.Chand
_c2007
300 _aXVI;527
500 _aQuantity Number: 5
650 _aManagement
942 _cBK
999 _c41190
_d41190